000 02331nam a22002777a 4500
005 20240122133514.0
008 130419s1841||||fr |||fr|||||001|0bmul|d
040 _cSandra Yazo (modificó)
_dSandra Yazo (modificó)
_bspa
041 0 _afre
_alat
_aita
082 0 4 _a922.2245
_220
092 _aE40N100
100 1 _aChavin de Malan, Emile
_978296
242 0 0 _aHistoria de San Francisco de Asís
_b(1182 – 1226)
_cpor Francisco Emilio Chavin
_yspa
245 1 0 _aHistoire de Saint François d’ Assise
_b(1182 – 1226)
_cpar François Émile Chavin
260 _aParís (Francia)
_bDebécourt ; Imprimerie et Fonderie de E. J. Bailly [Debécourt ; Imprenta y Fundición de E. J. Bailly]
_c1841
300 _axxxii, 352, cxliii páginas
_c22 x 14 cm.
500 _aDetalles físicos: Encuadernación rígida (holandesa) en cartón duro forrado en papel. Lomo de cuero con adornos en dorado, notoria rotura y desprendimiento. Guardas simulando papel de agua. Anteportada. Hoja de frontispicio, pegada a la anteportada, con una litografía que representa a San Francisco de Asís. Portada sencilla, impresa en una sola tinta con un sello tachado. Texto impreso en una sola columna. Notas de pie de página. Índice. Papel manchado
505 0 _aIntroducción ; Nacimiento ; Juventud y conversión ; El servicio a los leprosos ; Restauración de San Damián ; Primeros discípulos ; Las Damas Pobres y Santa Clara ; Dolores físicos y espirituales ; Apostolado ; Crecimiento vertiginoso de la Orden ; Viaje a España ; El primer Capítulo General ; El viaje a Oriente ; Los primeros mártires ; Los franciscanos y la Ciencia: Antonio de Padua y Alejandro de Hales ; La Tercera Orden ; El amor a la Naturaleza ; La Regla Franciscana ; Fray Elías ; Expansión ; El Alvernia y los estigmas ; Últimos años ; Sufrimientos y muerte ;Apéndice: Notas y Documentos
506 _aConsulta en sala
546 _aTexto en francés, latín e italiano
600 1 _aFrancisco de Asís
_cSanto
_d1182-1226
_91672
_xBiografía
650 7 _aSantos italianos
_98079
_xBiografías
690 _aBiografías
_97343
856 4 _uhttps://books.google.fr/books?id=FsAGAAAAQAAJ&printsec=frontcover&hl=fr&source=gbs_ge_summary_r&cad=0#v=onepage&q&f=false
_zDisponible en línea 10a Ed. 1845
942 _cLIBRO
_e1
_a19
_2LOCAL
_hE40N100
999 _c303816
_d303816